<?xml version="1.0" encoding="UTF-8"?>
<record
    xmlns:xsi="http://www.w3.org/2001/XMLSchema-instance"
    xsi:schemaLocation="http://www.loc.gov/MARC21/slim http://www.loc.gov/standards/marcxml/schema/MARC21slim.xsd"
    xmlns="http://www.loc.gov/MARC21/slim">

  <leader>00613nam a22001337a 4500</leader>
  <datafield tag="040" ind1=" " ind2=" ">
    <subfield code="c">RUA</subfield>
  </datafield>
  <datafield tag="082" ind1=" " ind2=" ">
    <subfield code="a">FOR HEM 1996 B123 Or.1</subfield>
  </datafield>
  <datafield tag="100" ind1=" " ind2=" ">
    <subfield code="a">HEM, SOKHA.</subfield>
  </datafield>
  <datafield tag="245" ind1=" " ind2=" ">
    <subfield code="a">The study of tree planted and being planted in cambodia by 1995, &#x1780;&#x17B6;&#x179A;&#x179F;&#x17B7;&#x1780;&#x17D2;&#x179F;&#x17B6;&#x17A2;&#x17C6;&#x1796;&#x17B8;&#x178A;&#x17C6;&#x178E;&#x17B6;&#x17C6;&#x1788;&#x17BE;&#x178A;&#x17C2;&#x179B;&#x1794;&#x17B6;&#x1793;&#x178A;&#x17B6;&#x17C6; &#x1793;&#x17B7;&#x1784;&#x1780;&#x17C6;&#x1796;&#x1784;&#x17CB;&#x178A;&#x17B6;&#x17C6;&#x1793;&#x17C5;&#x1780;&#x1798;&#x17D2;&#x1796;&#x17BB;&#x1787;&#x17B6;&#x1782;&#x17B7;&#x178F;&#x1798;&#x1780;&#x1791;&#x179B;&#x17CB;&#x1786;&#x17D2;&#x1793;&#x17B6;&#x17C6; &#x17E1;&#x17E9;&#x17E9;&#x17E5;</subfield>
  </datafield>
  <datafield tag="260" ind1=" " ind2=" ">
    <subfield code="a">Phnom Penh</subfield>
    <subfield code="b">RUA</subfield>
    <subfield code="c">1996</subfield>
  </datafield>
  <datafield tag="300" ind1=" " ind2=" ">
    <subfield code="a">87p.</subfield>
    <subfield code="b">ill.</subfield>
    <subfield code="c">29cm.</subfield>
  </datafield>
  <datafield tag="856" ind1=" " ind2=" ">
    <subfield code="u">https://drive.google.com/file/d/1S0sHsOPmS3M8U330vDisYsJ6fER8V0JF/view?usp=sharing</subfield>
  </datafield>
  <datafield tag="942" ind1=" " ind2=" ">
    <subfield code="c">FOR</subfield>
  </datafield>
  <datafield tag="999" ind1=" " ind2=" ">
    <subfield code="c">3112</subfield>
    <subfield code="d">3112</subfield>
  </datafield>
  <datafield tag="952" ind1=" " ind2=" ">
    <subfield code="0">0</subfield>
    <subfield code="1">0</subfield>
    <subfield code="2">ddc</subfield>
    <subfield code="4">0</subfield>
    <subfield code="6">FOR_HEM_1996_000000000000000_B123_OR_1</subfield>
    <subfield code="7">0</subfield>
    <subfield code="9">14692</subfield>
    <subfield code="a">LBB</subfield>
    <subfield code="b">LBB</subfield>
    <subfield code="c">B123</subfield>
    <subfield code="d">2015-11-04</subfield>
    <subfield code="o">FOR HEM 1996 B123 Or.1</subfield>
    <subfield code="p">RUA028450</subfield>
    <subfield code="r">2015-11-04</subfield>
    <subfield code="w">2015-11-04</subfield>
    <subfield code="y">FOR</subfield>
  </datafield>
  <datafield tag="952" ind1=" " ind2=" ">
    <subfield code="0">0</subfield>
    <subfield code="1">0</subfield>
    <subfield code="2">ddc</subfield>
    <subfield code="4">0</subfield>
    <subfield code="6">FOR_HEM_1996_000000000000000_B123_OR_2</subfield>
    <subfield code="7">0</subfield>
    <subfield code="9">14693</subfield>
    <subfield code="a">LBB</subfield>
    <subfield code="b">LBB</subfield>
    <subfield code="c">B123</subfield>
    <subfield code="d">2015-11-04</subfield>
    <subfield code="o">FOR HEM 1996 B123 Or.2</subfield>
    <subfield code="p">RUA028087</subfield>
    <subfield code="r">2015-11-04</subfield>
    <subfield code="w">2015-11-04</subfield>
    <subfield code="y">FOR</subfield>
  </datafield>
  <datafield tag="952" ind1=" " ind2=" ">
    <subfield code="0">0</subfield>
    <subfield code="1">0</subfield>
    <subfield code="2">ddc</subfield>
    <subfield code="4">0</subfield>
    <subfield code="6">FOR_HEM_1996_000000000000000_B123_OR_3</subfield>
    <subfield code="7">0</subfield>
    <subfield code="9">14694</subfield>
    <subfield code="a">LBB</subfield>
    <subfield code="b">LBB</subfield>
    <subfield code="c">B123</subfield>
    <subfield code="d">2015-11-04</subfield>
    <subfield code="o">FOR HEM 1996 B123 Or.3</subfield>
    <subfield code="p">RUA028015</subfield>
    <subfield code="r">2015-11-04</subfield>
    <subfield code="w">2015-11-04</subfield>
    <subfield code="y">FOR</subfield>
  </datafield>
  <datafield tag="952" ind1=" " ind2=" ">
    <subfield code="0">0</subfield>
    <subfield code="1">0</subfield>
    <subfield code="2">ddc</subfield>
    <subfield code="4">0</subfield>
    <subfield code="6">FOR_HEM_1996_000000000000000_B123_OR_4</subfield>
    <subfield code="7">0</subfield>
    <subfield code="9">14695</subfield>
    <subfield code="a">LBB</subfield>
    <subfield code="b">LBB</subfield>
    <subfield code="c">B123</subfield>
    <subfield code="d">2015-11-04</subfield>
    <subfield code="o">FOR HEM 1996 B123 Or.4</subfield>
    <subfield code="p">RUA028231</subfield>
    <subfield code="r">2015-11-04</subfield>
    <subfield code="w">2015-11-04</subfield>
    <subfield code="y">FOR</subfield>
  </datafield>
</record>
